[Event "Candidates Tournament"]
[Site "Toronto"]
[Date "2024.04.21"]
[Round "14.4"]
[White "Abasov, Nijat Azad"]
[Black "Praggnanandhaa, Rameshbabu"]
[Result "0-1"]
[WhiteElo "2632"]
[BlackElo "2747"]
[PlyCount "104"]
[EventDate "2024.04.04"]
[EventType "tourn"]
[EventRounds "14"]
[EventCountry "CAN"]
[EventCategory "20"]
[SourceTitle "CB17_2024"]
[SourceDate "2024.04.24"]
[SourceVersion "1"]
[SourceVersionDate "2024.04.24"]
[SourceQuality "1"]

1. d4 Nf6 2. c4 g6 3. Nc3 Bg7 4. g3 0-0 5. Bg2 d6 6. Nf3 Nbd7 7. 0-0 e5 8. e4 Re8 9. Re1 exd4 10. Nxd4 c6 11. h3 Qb6 12. Nb3 Ne5 13. Be3 c5 14. Bf1 Be6 15. Nd5 Bxd5 16. exd5 Ne4 17. Kg2 a5 18. Nd2 Nxd2 19. Qxd2 Nd7 20. Rab1 a4 21. Qc2 Qa6 22. Bd2 Bd4 23. Bc3 Bxc3 24. bxc3 b6 25. a3 Kg7 26. Bd3 Qc8 27. f4 Qc7 28. Qd2 Nf6 29. Bc2 Rxe1 30. Rxe1 Qd7 31. Rb1 Rb8 32. Qd1 Qe7 33. Qe1 Qxe1 34. Rxe1 b5 35. cxb5 Rxb5 36. Bxa4 Ra5 37. Bc6 Rxa3 38. Re3 Ra2+ 39. Kf3 Rh2 40. Re7 Kf8 41. Ra7 Rc2 42. Ra3 h6 43. Ba4 Rc1 44. Bc6 Kg7 45. Rb3 c4 46. Ra3 Rd1 47. g4 Rd3+ 48. Kg2 Nxd5 49. Bxd5 Rxd5 50. h4 Rd2+ 51. Kf3 Rd3+ 52. Ke4 Rh3 0-1

[Event "Candidates Tournament"]
[Site "Toronto"]
[Date "2024.04.13"]
[Round "8"]
[White "Praggnanandhaa, Rameshbabu"]
[Black "Firouzja, Alireza"]
[Result "1/2-1/2"]
[WhiteElo "2747"]
[BlackElo "2760"]
[PlyCount "80"]
[EventDate "2024.04.04"]
[EventType "tourn"]
[EventRounds "14"]
[EventCountry "CAN"]
[EventCategory "20"]
[SourceTitle "CB17_2024"]
[SourceDate "2024.04.24"]
[SourceVersion "1"]
[SourceVersionDate "2024.04.24"]
[SourceQuality "1"]

1. e4 c5 2. Nf3 e6 3. d4 cxd4 4. Nxd4 Nc6 5. Nc3 Qc7 6. Ncb5 Qb8 7. Bd3 a6 8. Nxc6 bxc6 9. Nd4 c5 10. Nf3 Ne7 11. 0-0 Bb7 12. c3 Ng6 13. Rb1 Be7 14. b4 0-0 15. a4 Qc7 16. Re1 d5 17. bxc5 dxe4 18. Rxb7 Qxb7 19. Bxe4 Qc7 20. Bxa8 Rxa8 21. Be3 Bxc5 22. Bxc5 Qxc5 23. Qd3 Qc6 24. Re4 Rc8 25. h3 h6 26. a5 Qd5 27. Qxa6 Ra8 28. Qc4 Qxa5 29. Re1 Qd5 30. Qxd5 exd5 31. g3 Rc8 32. Re3 Kf8 33. Kg2 Ne7 34. Nd4 Nc6 35. Nf5 Rd8 36. Rd3 h5 37. Ne3 d4 38. cxd4 Rxd4 39. Rxd4 Nxd4 40. h4 g6 1/2-1/2

[Event "Candidates Tournament"]
[Site "Toronto"]
[Date "2024.04.05"]
[Round "2"]
[White "Praggnanandhaa, Rameshbabu"]
[Black "Gukesh, Dommaraju"]
[Result "0-1"]
[WhiteElo "2747"]
[BlackElo "2743"]
[PlyCount "66"]
[EventDate "2024.04.04"]
[EventType "tourn"]
[EventRounds "14"]
[EventCountry "CAN"]
[EventCategory "20"]
[SourceTitle "CB17_2024"]
[SourceDate "2024.04.24"]
[SourceVersion "1"]
[SourceVersionDate "2024.04.24"]
[SourceQuality "1"]

1. d4 d5 2. c4 e6 3. Nf3 Nf6 4. g3 Bb4+ 5. Nc3 dxc4 6. Bg2 0-0 7. 0-0 Nc6 8. a3 Be7 9. e4 a6 10. Be3 b5 11. Qe2 Bb7 12. Rad1 Na5 13. d5 exd5 14. e5 Ne8 15. e6 f5 16. Ne5 Nf6 17. Qc2 c6 18. Qxf5 Qe8 19. Nf7 Bc8 20. Rfe1 Nb7 21. Bg5 Ra7 22. Bxf6 Bxf6 23. Bxd5 cxd5 24. Nxd5 Be7 25. Qg4 Nd8 26. Nxd8 Bxd8 27. Qd4 Rb7 28. Re4 Bf6 29. Qe3 Be7 30. h4 Qc6 31. h5 Bc5 32. Qg5 Bxe6 33. h6 Rxf2 0-1

[Event "Prague Masters 6th"]
[Site "Prague"]
[Date "2024.03.05"]
[Round "7"]
[White "Praggnanandhaa, Rameshbabu"]
[Black "Gukesh, Dommaraju"]
[Result "1/2-1/2"]
[WhiteElo "2747"]
[BlackElo "2743"]
[PlyCount "182"]
[EventDate "2024.02.26"]
[EventType "tourn"]
[EventRounds "9"]
[EventCountry "CZE"]
[EventCategory "19"]
[SourceTitle "CB11_2024"]
[SourceDate "2024.03.13"]
[SourceVersion "1"]
[SourceVersionDate "2024.03.13"]
[SourceQuality "1"]

1. e4 e5 2. Nf3 Nc6 3. Bc4 Bc5 4. d3 Nf6 5. 0-0 d6 6. c3 a6 7. Re1 Ba7 8. Nbd2 0-0 9. Nf1 Na5 10. Bb3 Nxb3 11. axb3 h6 12. Ng3 Re8 13. h3 b5 14. b4 Bb7 15. Nh2 d5 16. Qf3 Re6 17. Nf5 Kh7 18. Qg3 Ne8 19. Ng4 dxe4 20. dxe4 Nd6 21. Nxe5 Nxf5 22. exf5 Rf6 23. Be3 Bxe3 24. Qxe3 Rxf5 25. Rad1 Qf6 26. f3 h5 27. Kh2 Bc6 28. Nxc6 Qxc6 29. Qe7 a5 30. bxa5 Rxa5 31. Re5 b4 32. Rxa5 Rxa5 33. Qxb4 Re5 34. Qf4 Qe6 35. Rd7 Rf5 36. Qxc7 Qe2 37. Re7 Qd2 38. h4 Rf4 39. Qe5 Rxh4+ 40. Kg3 Rh1 41. Qe4+ Kh6 42. Qf4+ Qxf4+ 43. Kxf4 g5+ 44. Kg3 f5 45. Re6+ Kg7 46. Kf2 Rb1 47. Re2 f4 48. Rd2 g4 49. g3 h4 50. gxh4 g3+ 51. Kg2 Rc1 52. Kh3 Rh1+ 53. Kg4 Rh2 54. Rd1 Rxb2 55. Kxf4 g2 56. Rg1 Rc2 57. Kg4 Kh6 58. f4 Kg6 59. c4 Rxc4 60. Rxg2 Rc1 61. h5+ Kh6 62. Re2 Rg1+ 63. Kf5 Ra1 64. Re8 Ra2 65. Kg4 Rg2+ 66. Kf3 Ra2 67. Re5 Ra1 68. Rb5 Ra2 69. Rc5 Ra1 70. Re5 Ra2 71. Kg4 Rg2+ 72. Kf5 Rf2 73. Ke4 Ra2 74. Kf3 Ra1 75. Kg4 Rg1+ 76. Kf5 Rf1 77. Re4 Ra1 78. Kf6 Kxh5 79. f5 Ra6+ 80. Re6 Ra7 81. Rd6 Kh6 82. Rb6 Kh5 83. Re6 Kh6 84. Re5 Kh5 85. Re7 Ra6+ 86. Kg7 Kg5 87. Rf7 Rb6 88. f6 Ra6 89. Re7 Rxf6 90. Re5+ Rf5 91. Rxf5+ Kxf5 1/2-1/2

[Event "Tata Steel-A 86th"]
[Site "Wijk aan Zee"]
[Date "2024.01.27"]
[Round "12"]
[White "Gukesh, Dommaraju"]
[Black "Praggnanandhaa, Rameshbabu"]
[Result "1/2-1/2"]
[WhiteElo "2725"]
[BlackElo "2743"]
[PlyCount "80"]
[EventDate "2024.01.13"]
[EventType "tourn"]
[EventRounds "13"]
[EventCountry "NED"]
[EventCategory "19"]
[SourceTitle "CB05_2024"]
[SourceDate "2024.01.31"]
[SourceVersion "1"]
[SourceVersionDate "2024.01.31"]
[SourceQuality "1"]

1. d4 Nf6 2. c4 e6 3. Nc3 Bb4 4. Nf3 0-0 5. Bg5 c5 6. d5 exd5 7. cxd5 d6 8. e3 h6 9. Bh4 Bf5 10. Bd3 Bxd3 11. Qxd3 Nbd7 12. 0-0 Re8 13. Ne2 a6 14. Qf5 c4 15. Rac1 Rc8 16. a3 Ba5 17. Ng3 Qe7 18. Qh3 Rc5 19. Nf5 Qf8 20. Rfd1 Bd8 21. Rd4 b5 22. Bg3 Ne5 23. Rcd1 Nh7 24. Bf4 Ng5 25. Qg3 Ngxf3+ 26. gxf3 Kh7 27. Qh3 Be7 28. Re4 Rd8 29. Kg2 a5 30. Rdd4 c3 31. bxc3 Rxc3 32. Rxe5 dxe5 33. Bxe5 f6 34. d6 Bxd6 35. Bxd6 Qf7 36. Rg4 Rg8 37. Bf4 Qf8 38. Bd6 Qf7 39. Bf4 Qf8 40. Bd6 Qf7 1/2-1/2

[Event "Wch Blitz"]
[Site "Samarkand"]
[Date "2023.12.30"]
[Round "18"]
[White "Caruana, Fabiano"]
[Black "Praggnanandhaa, Rameshbabu"]
[Result "1-0"]
[WhiteElo "2794"]
[BlackElo "2740"]
[PlyCount "117"]
[EventDate "2023.12.29"]
[EventType "swiss (blitz)"]
[EventRounds "21"]
[EventCountry "UZB"]
[SourceTitle "CB01_2024"]
[SourceDate "2024.01.03"]
[SourceVersion "1"]
[SourceVersionDate "2024.01.03"]
[SourceQuality "1"]

1. c4 Nf6 2. Nc3 e5 3. g3 Bb4 4. e4 Nc6 5. Nge2 d6 6. Bg2 Bg4 7. h3 Bxe2 8. Nxe2 Bc5 9. d3 a5 10. 0-0 Nd4 11. Be3 Nxe2+ 12. Qxe2 Nd7 13. Rad1 0-0 14. d4 exd4 15. Bxd4 Bxd4 16. Rxd4 Qf6 17. Rdd1 Rfe8 18. Qd2 a4 19. Rfe1 Nc5 20. f4 h6 21. Re2 Re6 22. Rde1 Rae8 23. Kh2 Qe7 24. Qc2 Qf6 25. b4 axb3 26. axb3 c6 27. b4 Nd7 28. Qd3 Qe7 29. Qd4 Nf6 30. c5 dxc5 31. bxc5 Rd8 32. Qc3 Nd7 33. Rd2 Nf6 34. Rxd8+ Qxd8 35. e5 Nd5 36. Qd2 Re7 37. f5 Qc7 38. e6 fxe6 39. fxe6 Nf6 40. Qd4 Re8 41. Qd6 Qe7 42. Bf3 Kf8 43. Re2 Rd8 44. Qe5 Kg8 45. Kg2 Nd5 46. Qd4 Nc7 47. Qe4 Na6 48. Rc2 Nxc5 49. Qb4 b6 50. Qxb6 Nxe6 51. Re2 Qd6 52. Rxe6 Qxe6 53. Qxd8+ Kh7 54. Qd3+ Kh8 55. Qc2 c5 56. Qxc5 Qa2+ 57. Qf2 Qe6 58. Qe2 Qd7 59. Be4 1-0

[Event "Wch Blitz"]
[Site "Samarkand"]
[Date "2023.12.29"]
[Round "8"]
[White "Niemann, Hans Moke"]
[Black "Praggnanandhaa, Rameshbabu"]
[Result "0-1"]
[WhiteElo "2667"]
[BlackElo "2740"]
[PlyCount "142"]
[EventDate "2023.12.29"]
[EventType "swiss (blitz)"]
[EventRounds "21"]
[EventCountry "UZB"]
[SourceTitle "CB01_2024"]
[SourceDate "2024.01.03"]
[SourceVersion "1"]
[SourceVersionDate "2024.01.03"]
[SourceQuality "1"]

1. e4 e5 2. Nf3 Nc6 3. Bc4 Bc5 4. d3 Nf6 5. 0-0 d6 6. c3 a6 7. Re1 Ba7 8. Nbd2 0-0 9. Nf1 Na5 10. Bb3 Nxb3 11. axb3 h6 12. h3 c6 13. Ng3 Re8 14. Bd2 Bb8 15. d4 Bc7 16. b4 Be6 17. Qc1 Qe7 18. c4 Bd7 19. Ra3 Rad8 20. dxe5 dxe5 21. Nh4 Qf8 22. Ngf5 Kh7 23. Rf3 Ng8 24. c5 Be6 25. Ne3 Rd7 26. Bc3 Red8 27. Ng4 Bb3 28. Ne3 Be6 29. Ng4 Bb3 30. Qe3 Rd1 31. Kh2 Rxe1 32. Qxe1 Qe8 33. Nf5 Be6 34. g3 Bc8 35. Nd6 Bxd6 36. cxd6 Bxg4 37. hxg4 Rxd6 38. Rf5 f6 39. Kg2 Qd7 40. Qh1 Ne7 41. Rh5 Qxg4 42. Rh4 Qd7 43. Qe1 Rd1 44. Qe2 Qd3 45. Qxd3 Rxd3 46. Rh1 Nc8 47. f3 Nd6 48. Kf2 Nb5 49. Ke2 Rd7 50. f4 Kg6 51. Ke3 Kf7 52. fxe5 Nxc3 53. bxc3 fxe5 54. Rf1+ Ke6 55. Rf8 Rc7 56. Re8+ Kf6 57. Rf8+ Ke7 58. Rb8 Kd6 59. Rd8+ Rd7 60. Re8 Re7 61. Rd8+ Kc7 62. Ra8 Kb6 63. Kd3 c5 64. Kc4 cxb4 65. cxb4 Rd7 66. Rg8 Rd4+ 67. Kc3 g5 68. Rg6+ Kb5 69. Rxh6 Rxe4 70. Rg6 Re3+ 71. Kc2 Rxg3 0-1

[Event "Wch Blitz"]
[Site "Samarkand"]
[Date "2023.12.29"]
[Round "11"]
[White "Vachier Lagrave, Maxime"]
[Black "Praggnanandhaa, Rameshbabu"]
[Result "1-0"]
[WhiteElo "2731"]
[BlackElo "2740"]
[PlyCount "127"]
[EventDate "2023.12.29"]
[EventType "swiss (blitz)"]
[EventRounds "21"]
[EventCountry "UZB"]
[SourceTitle "CB01_2024"]
[SourceDate "2024.01.03"]
[SourceVersion "1"]
[SourceVersionDate "2024.01.03"]
[SourceQuality "1"]

1. e4 e5 2. Nf3 Nc6 3. Bb5 Nge7 4. d4 exd4 5. Nxd4 Nxd4 6. Qxd4 Nc6 7. Qe3 Be7 8. Nc3 0-0 9. 0-0 Re8 10. Rd1 Bh4 11. g3 Bf6 12. Nd5 a6 13. Bf1 d6 14. c3 Bg4 15. f3 Be6 16. Qf2 h5 17. h4 Bxd5 18. Rxd5 g6 19. Be3 Qe7 20. Rad1 Ne5 21. a4 a5 22. R5d2 Bg7 23. Bg5 Bf6 24. Be3 Bg7 25. Bg5 Bf6 26. Be3 Kh7 27. Bb5 Red8 28. Be2 Qe6 29. Rd5 Bg7 30. Bg5 Re8 31. Bb5 Rf8 32. Bf4 Qe7 33. Bxe5 Bxe5 34. Bf1 Kg8 35. f4 Bg7 36. Bg2 Rfd8 37. Kh2 b6 38. Qc2 Rab8 39. Qd2 Re8 40. Rd3 Qe6 41. Qc2 Qe7 42. Qb3 Qe6 43. Qb5 Re7 44. Qc6 Rbe8 45. Qb5 Qc8 46. Bf3 Qe6 47. Kg2 Qc8 48. Qc6 Qe6 49. Rd5 Qc8 50. b4 axb4 51. cxb4 Qa6 52. Ra5 Qc8 53. Ra7 Qe6 54. Qd5 Qf6 55. Qd2 Qe6 56. Qc2 c5 57. Ra6 cxb4 58. Rxb6 Bc3 59. Rdxd6 Qc4 60. e5 Rc7 61. Bd5 Qc5 62. Qxg6+ Kf8 63. Qh6+ Ke7 64. Qxh5 1-0

[Event "Wch Rapid"]
[Site "Samarkand"]
[Date "2023.12.27"]
[Round "8"]
[White "Praggnanandhaa, Rameshbabu"]
[Black "Bharath, Subramaniyam H"]
[Result "1/2-1/2"]
[WhiteElo "2740"]
[BlackElo "2504"]
[PlyCount "136"]
[EventDate "2023.12.26"]
[EventType "swiss (rapid)"]
[EventRounds "13"]
[EventCountry "UZB"]
[SourceTitle "CB01_2024"]
[SourceDate "2024.01.03"]
[SourceVersion "1"]
[SourceVersionDate "2024.01.03"]
[SourceQuality "1"]

1. d4 Nf6 2. c4 e6 3. Nf3 d5 4. Nc3 Bb4 5. Qa4+ Nc6 6. e3 0-0 7. Bd2 Re8 8. a3 Bf8 9. Rd1 Ne7 10. c5 Bd7 11. Qc2 Nc6 12. Bb5 a6 13. Ba4 b5 14. Bb3 Rb8 15. 0-0 a5 16. Ne2 Ne4 17. Nf4 g5 18. Nd3 f6 19. Be1 a4 20. Ba2 Bg7 21. Nd2 Nxd2 22. Qxd2 f5 23. f3 h5 24. Bf2 Ne7 25. e4 f4 26. h4 dxe4 27. fxe4 Ng6 28. Ne5 Nxe5 29. dxe5 Bc6 30. Bxe6+ Kf8 31. Qe2 Qe7 32. Bf5 g4 33. Be3 Bxe5 34. Bxf4 Kg7 35. Bxe5+ Qxe5 36. Qe3 Qe7 37. Qc3+ Qe5 38. Bd7 Qxc3 39. bxc3 Bxd7 40. Rxd7+ Kg6 41. Rf4 Rbd8 42. Rxc7 Rd3 43. Rb7 Rxc3 44. Rb6+ Kg7 45. Rxb5 g3 46. Kf1 Rxa3 47. c6 Ra1+ 48. Ke2 Ra2+ 49. Ke3 Rxg2 50. Rxh5 Rc2 51. Rg4+ Kf8 52. Rh8+ Ke7 53. Rh7+ Kd8 54. Kd3 Rxc6 55. Rxg3 Rd6+ 56. Ke3 Rde6 57. Rg4 Ra6 58. Rgg7 Rae6 59. Rd7+ Kc8 60. Rd4 Ra6 61. Rdd7 Kb8 62. Rb7+ Ka8 63. Rb2 a3 64. Ra2 Ra4 65. Kf3 Rexe4 66. Rxa3 Rxh4 67. Rh8+ Rxh8 68. Rxa4+ Kb7 1/2-1/2

[Event "Wch Rapid"]
[Site "Samarkand"]
[Date "2023.12.27"]
[Round "7"]
[White "Ter Sahakyan, Samvel"]
[Black "Praggnanandhaa, Rameshbabu"]
[Result "0-1"]
[WhiteElo "2643"]
[BlackElo "2740"]
[PlyCount "92"]
[EventDate "2023.12.26"]
[EventType "swiss (rapid)"]
[EventRounds "13"]
[EventCountry "UZB"]
[SourceTitle "CB01_2024"]
[SourceDate "2024.01.03"]
[SourceVersion "1"]
[SourceVersionDate "2024.01.03"]
[SourceQuality "1"]

1. e4 e5 2. Nf3 Nc6 3. Bb5 Nge7 4. Nc3 Ng6 5. d4 Nxd4 6. Nxd4 exd4 7. Qxd4 c6 8. Be2 Qb6 9. Qd3 Be7 10. h4 Bxh4 11. g3 Bf6 12. f4 d5 13. exd5 0-0 14. Bd2 Rd8 15. 0-0-0 Rxd5 16. Qf3 Be6 17. Be3 Rxd1+ 18. Bxd1 Bd5 19. Qf2 Qa5 20. Nxd5 Qxd5 21. Qh2 h6 22. Kb1 Re8 23. Bc1 Bd4 24. Rf1 Qb5 25. Qg2 Nf8 26. Rf3 Bb6 27. g4 Qd5 28. Qf1 Ne6 29. g5 Rd8 30. Rd3 Qf5 31. Rf3 h5 32. Be2 Nc5 33. Bc4 Re8 34. a3 a5 35. g6 Qxg6 36. f5 Qf6 37. Rh3 h4 38. Qg1 Nd7 39. Qh1 Bf2 40. Bd2 Bg3 41. Bd3 Nc5 42. Bc3 Qg5 43. Bc4 Ne4 44. Qf3 b5 45. Bd3 Nxc3+ 46. bxc3 Re1+ 0-1